अल्फ़ा-बीटा-गामा/ (Record no. 200744)
[ view plain ]
| 000 -LEADER | |
|---|---|
| fixed length control field | 00816nam a22001937a 4500 |
| 005 - DATE AND TIME OF LATEST TRANSACTION | |
| control field | 20240214170444.0 |
| 010 ## - LCCN (DPL NO) | |
| LC control number | HIN-126886 |
| 020 ## - INTERNATIONAL STANDARD BOOK NUMBER | |
| International Standard Book Number | 9789392186912 |
| Terms of availability | 695.00 |
| 035 ## - SYSTEM CONTROL NUMBER | |
| System control number | HN-99232 |
| 037 ## - SOURCE OF ACQUISITION | |
| Source of stock number/acquisition | DBAD/PUB |
| 082 ## - DEWEY DECIMAL CLASSIFICATION NUMBER | |
| Classification number | उ |
| 100 ## - MAIN ENTRY--PERSONAL NAME | |
| Personal name | शर्मा,नासिरा |
| 245 ## - TITLE STATEMENT | |
| Title | अल्फ़ा-बीटा-गामा/ |
| Statement of responsibility, etc | नासिरा शर्मा |
| 260 ## - PUBLICATION, DISTRIBUTION, ETC. (IMPRINT) | |
| Place of publication, distribution, etc | प्रयागराज |
| Name of publisher, distributor, etc | लोकभारती प्रकाशन |
| Date of publication, distribution, etc | 2023 |
| 270 ## - ADDRESS | |
| Address | पहली मंजिल, दरबारी बिल्डिंग, महात्मा गाँधी मार्ग |
| City | प्रयागराज |
| Postal code | 211002 |
| 300 ## - PHYSICAL DESCRIPTION | |
| Extent | 215 पृष्ठ; |
| Dimensions | 23 सेमी (सजिल्द) |
| 710 ## - ADDED ENTRY--CORPORATE NAME | |
| 9 (RLIN) | 62066 |
| 942 ## - ADDED ENTRY ELEMENTS (KOHA) | |
| Item type | Hindi Books |
| Source of classification or shelving scheme | Dewey Decimal Classification |
| Classification part | उ |
| Call number suffix | शर्माना |
| Withdrawn status | Lost status | Not for loan | Collection code | Home library | Current library | Date acquired | Source of acquisition | Cost, normal purchase price | Full call number | Barcode | Copy number | Cost, replacement price | Koha item type |
|---|---|---|---|---|---|---|---|---|---|---|---|---|---|
| Fiction | Sarojini Nagar | Sarojini Nagar | 14/02/2024 | DBAD/PUB | 695.00 | उ शर्माना | HN-99232 | 1 | 695.00 | Hindi Books |
